000 00890nam a2200325Ia 4500
001 15028
003 IT-RoPAU
008 130308s9999 xx 000 0 und d
040 _aIT-RoPAU
040 _cIT-RoPAU
041 _aFRANCESE
100 _aAA.VV.
100 _gCodice Aut. SPICS: 12000
245 _aSpectacles a travers les ages (Les)
245 _bSpectacles a Travers Les Ages (Les)
250 _a1a ed.
260 _aPARIS
260 _bEditions Du Cygne
260 _c1931 [1° Ed.:1931 - Ed.Ling.Originale:1931]
300 _a"368 p. (prefazione: no ; testo: 368)"
500 _aStoria degli spettacoli Teatro circo Musical Caffe' concerto Cabaret
650 _aSTORIA DEL TEATRO
650 _eCodice materia Spics: 8408
700 _aAmiel Denys
700 _gCodice Aut. SPICS: 10502
942 _cBK
957 _71
999 _c75378
_d75378
999 _bSI
999 _g1